[Event "AUTO-ELITE-02"]
[Site "http://www.queenalice.com/game.php?id=20001"]
[Date "2005.7.17"]
[Round "1"]
[White "gustavomiguel"]
[Black "ahimsa"]
[Result "0-1"]
[WhiteElo "1840"]
[BlackElo "2034"]

1. e4 g6 2. d4 Bg7 3. Nf3 c6 4. c3 d5 5. e5 f6 6. Bf4 Bg4 7. Nbd2 Nd7 8. e6 Bxe6
9. Bd3 Nh6 10. Qc2 Bf5 11. O-O-O Qa5 12. Kb1 Bxd3 13. Qxd3 O-O 14. h3 Nf7 15. g4
e5 16. dxe5 fxe5 17. Bg3 e4 18. Nxe4 dxe4 19. Qxe4 Rfe8 20. Qc4 Nb6 21. Qb3 Qa4
22. Qxa4 Nxa4 23. Rd7 Nc5 24. Rc7 Be5 25. Nxe5 Nxe5 26. b4 Ne4 27. Rxb7 Nxc3+
28. Kc2 Ne4 29. Bxe5 Rxe5 30. Re1 Nd6 31. Rxe5 Nxb7 32. Re7 Nd6 33. Kd3 Rd8 34.
Ke3 a5 35. bxa5 Nc4+ 36. Kf4 Ra8 0-1

[Event "AUTO-ELITE-02"]
[Site "http://www.queenalice.com/game.php?id=20002"]
[Date "2005.7.17"]
[Round "1"]
[White "ahimsa"]
[Black "gustavomiguel"]
[Result "1-0"]
[WhiteElo "1971"]
[BlackElo "1882"]

1. e4 e5 2. Nf3 Nc6 3. g3 Nf6 4. d3 Bc5 5. Bg2 d6 6. O-O Bg4 7. c3 O-O 8. b4 Bb6
9. a4 a6 10. Nbd2 Qd7 11. Nc4 Ba7 12. Bg5 Ne8 13. Be3 f5 14. exf5 Bxf5 15. Ng5
h6 16. b5 Bxe3 17. Bd5+ Kh8 18. Nxe3 hxg5 19. Nxf5 Qxf5 20. bxc6 b6 21. Qh5+ Qh7
22. Qxh7+ 1-0

[Event "AUTO-ELITE-02"]
[Site "http://www.queenalice.com/game.php?id=20003"]
[Date "2005.7.17"]
[Round "1"]
[White "gustavomiguel"]
[Black "Buyung"]
[Result "0-1"]
[WhiteElo "1805"]
[BlackElo "1643"]

1. e4 e5 2. Nf3 d6 3. Nc3 Bg4 4. Be2 Bxf3 5. Bxf3 Nc6 6. d3 Nd4 7. O-O Nf6 8.
Be3 c5 9. Bg5 Be7 10. Be2 a6 11. f4 h6 12. Bxf6 gxf6 13. fxe5 fxe5 14. Bh5 Rh7
15. Qg4 Bg5 16. Nd5 Qd7 17. Nf6+ Bxf6 18. Rxf6 Qxg4 19. Bxg4 h5 20. Bf5 Nxf5 21.
Rxf5 O-O-O 22. Raf1 Rf8 23. Kf2 Kd7 24. Kg3 h4+ 25. Kf3 b5 26. Ke3 a5 27. c3 Ke7
28. d4 f6 29. dxc5 dxc5 30. c4 b4 31. Rd1 Rc8 32. Rd3 Rg8 33. Rf2 Ke6 34. Rfd2
Rc7 35. Rd6+ Ke7 36. Ra6 Rd7 37. Rxd7+ Kxd7 0-1

[Event "AUTO-ELITE-02"]
[Site "http://www.queenalice.com/game.php?id=20004"]
[Date "2005.7.17"]
[Round "1"]
[White "Buyung"]
[Black "gustavomiguel"]
[Result "1-0"]
[WhiteElo "1665"]
[BlackElo "1783"]

1. d4 e6 2. g3 f5 3. Bg2 Nf6 4. Nf3 Be7 5. c4 d5 6. c5 c6 7. Ne5 O-O 8. O-O Nbd7
9. f4 Qe8 10. b4 Ne4 11. Bb2 Nxe5 12. dxe5 b6 13. cxb6 axb6 14. a3 Ba6 15. Nc3
Nxc3 16. Bxc3 g5 17. Rb1 g4 18. a4 Bc4 19. Bd4 c5 20. bxc5 bxc5 21. Bf2 Qxa4 22.
Qd2 Qa2 23. Rb2 Qa5 24. Rfb1 Qxd2 25. Rxd2 Rfb8 26. Rc1 Ra5 27. Be1 Rab5 28. h3
h5 29. h4 Rb1 30. Rxb1 Rxb1 31. Kf2 Bd8 32. Rc2 Kf7 33. Bc3 Rb3 34. Bf1 Bb6 35.
Ba1 Rb1 36. Bb2 Bb3 37. Rc1 Rxb2 38. Bg2 1-0

[Event "AUTO-OPEN-67"]
[Site "http://www.queenalice.com/game.php?id=32464"]
[Date "2005.10.10"]
[Round "2"]
[White "Pepato"]
[Black "gustavomiguel"]
[Result "1-0"]
[WhiteElo "2214"]
[BlackElo "1871"]

1. d4 d5 2. c4 e6 3. Nc3 Nf6 4. Nf3 c6 5. e3 Nbd7 6. Bd3 Bd6 7. e4 dxe4 8. Nxe4
Nxe4 9. Bxe4 Nf6 10. Bc2 O-O 11. O-O b6 12. Qd3 h6 13. Ne5 Bxe5 14. dxe5 Qxd3
15. Bxd3 Nd7 16. f4 1-0

[Event "AUTO-OPEN-67"]
[Site "http://www.queenalice.com/game.php?id=32465"]
[Date "2005.10.10"]
[Round "2"]
[White "gustavomiguel"]
[Black "Pepato"]
[Result "0-1"]
[WhiteElo "1873"]
[BlackElo "2212"]

1. d4 Nf6 2. c4 g6 3. Nf3 Bg7 4. Nc3 d6 5. e4 O-O 6. Be2 e5 7. O-O Nc6 8. dxe5
dxe5 9. Bg5 Qxd1 10. Raxd1 Bg4 11. Rd2 Nd4 12. Nxd4 exd4 13. Rxd4 Bxe2 14. Nxe2
c5 15. Rd3 Nxe4 0-1

[Event "AUTO-OPEN-67"]
[Site "http://www.queenalice.com/game.php?id=32470"]
[Date "2005.10.10"]
[Round "2"]
[White "gustavomiguel"]
[Black "raquca"]
[Result "0-1"]
[WhiteElo "1899"]
[BlackElo "1726"]

1. d4 Nf6 2. c4 e6 3. Nc3 Bb4 4. Bg5 h6 5. Bh4 g5 6. Bg3 b6 7. Nf3 Bb7 8. e3
Bxc3+ 9. bxc3 d6 10. Qc2 Qd7 11. Bd3 Nc6 12. h3 Nh5 13. Bh2 O-O 14. g4 Nf6 15.
e4 Na5 16. Qe2 c5 0-1

[Event "AUTO-OPEN-67"]
[Site "http://www.queenalice.com/game.php?id=32471"]
[Date "2005.10.10"]
[Round "2"]
[White "raquca"]
[Black "gustavomiguel"]
[Result "0-1"]
[WhiteElo "1713"]
[BlackElo "1932"]

1. e4 d5 2. exd5 Qxd5 3. Nc3 Qa5 4. d4 Nf6 5. Bc4 Nc6 6. Ne2 Bg4 7. f3 Bh5 8.
O-O O-O-O 9. Be3 e5 10. Qd2 exd4 11. Nxd4 Nxd4 12. Bxd4 Bc5 13. Rad1 Rxd4 14.
Qxd4 Qb6 0-1

[Event "AUTO-MASTER-07"]
[Site "http://www.queenalice.com/game.php?id=33615"]
[Date "2005.10.17"]
[Round "2"]
[White "gustavomiguel"]
[Black "MikeDoherty"]
[Result "0-1"]
[WhiteElo "1914"]
[BlackElo "1932"]

1. d4 Nf6 2. c4 e6 3. Nf3 Bb4+ 4. Bd2 Bxd2+ 5. Nbxd2 d5 6. e3 O-O 7. Rc1 c6 8.
Bd3 Nbd7 9. O-O Re8 10. Qc2 Qe7 11. Rfe1 dxc4 12. Nxc4 Nd5 13. Bxh7+ Kh8 14. Bd3
g6 15. Qb1 Kg7 16. Nce5 Nxe5 17. Nxe5 f5 18. e4 Nf4 19. g3 Nh3+ 20. Kg2 Rh8 21.
f4 Bd7 0-1

[Event "AUTO-MASTER-07"]
[Site "http://www.queenalice.com/game.php?id=33616"]
[Date "2005.10.17"]
[Round "2"]
[White "MikeDoherty"]
[Black "gustavomiguel"]
[Result "1/2-1/2"]
[WhiteElo "1914"]
[BlackElo "1933"]

1. e4 c5 2. Nf3 Nc6 3. Bb5 d6 4. O-O Bd7 5. c3 g6 6. d4 cxd4 7. cxd4 Bg7 8. Nc3
Nf6 9. Re1 O-O 10. Bg5 a6 11. Bd3 Bg4 12. Be2 Rc8 13. Rc1 h6 14. Be3 e5 15. dxe5
dxe5 16. Qxd8 Rfxd8 17. Red1 Bxf3 1/2-1/2